000
00226nam a2200097Ia 4500
008
240331s9999 xx 000 0 und d
082
_b
VAA
100
_a
Palusamy, N, . ed
245
0
_a
Vaalviyat Kalanchiyam :
_b
Part 4
942
_c
L
999
_c
3269
_d
3269